Paroles - J'accuse - Saez - Statistiques

Statistiques générales
  • Ce quiz a été pris 59 fois
  • Le résultat moyen est 364 sur 474
Statistiques - réponses
Réponses % Correct
Faut
95%
faut
95%
la
95%
La
95%
bagnole
93%
blé
93%
bleue
93%
ça
93%
carte
93%
chatte
93%
dans
93%
du
93%
de
88%
le
88%
à
86%
A
86%
a
86%
des
86%
Des
86%
les
86%
Les
86%
pour
86%
Pour
86%
con
83%
dinde
83%
en
83%
enfants
83%
Il
83%
il
83%
J'accuse
83%
Noël
83%
te
83%
Va
83%
ces
81%
forfait
81%
gas-oil
81%
pas
81%
se
81%
ses
81%
sur
81%
Sûr
81%
télé
81%
vacances
81%
au
79%
Au
79%
et
79%
Et
79%
moi
79%
On
79%
que
79%
qui
79%
ceux
76%
cons
76%
faire
76%
faudrait
76%
Faudrait
76%
mais
76%
Mais
76%
pendant
76%
réseau
76%
sous
76%
bander
74%
bronzer
74%
ils
74%
Ils
74%
Je
74%
Ouais
74%
par
74%
Par
74%
solitude
74%
sont
74%
tout
74%
tu
74%
arrêter
71%
aussi
71%
bébés
71%
fumer
71%
gens
71%
grandes
71%
machines
71%
mettre,
71%
mettre
71%
moins
71%
ont
71%
payer
71%
pilules
71%
p'tits
71%
salle
71%
s'essouffler,
71%
s'essouffler
71%
sport
71%
surfaces
71%
tabacs
71%
baiser
69%
boire
69%
c'est
69%
connards
69%
conneries
69%
farandoles
69%
font
69%
hologrammes
69%
J'ai
69%
l'assemblée
69%
mégaphone
69%
même
69%
mieux
69%
rentrer
69%
s'entraîner
69%
tant
69%
volant
69%
accessoires
67%
ballade
67%
clous
67%
crèveront
67%
dépenser
67%
fera
67%
guignols
67%
illimitées
67%
J'me
67%
lire
67%
mal,
67%
marcher
67%
mots
67%
nos
67%
nourrir
67%
oublier
67%
passer
67%
passes
67%
ressembler
67%
satellite
67%
savent
67%
biberons
64%
cochons
64%
d'amour
64%
enfanter
64%
gonzesses
64%
leur
64%
mutation
64%
ne
64%
assez
62%
chaque
62%
menottes
62%
métro
62%
OGM
62%
parlent
62%
porcines
62%
qu'on
62%
voir
62%
Angleterre
60%
fasse
60%
gazon
60%
gré
60%
gueule
60%
JT
60%
présentateur
60%
religions
60%
soigner
60%
une
60%
coups
57%
foutre
57%
prendre
57%
puis
57%
raison
57%
tes
57%
aux
55%
chiottes
55%
cul
55%
euros
55%
fonctionnaires
55%
grippes
55%
mille
55%
mouton
55%
portable
55%
s'est
55%
singe
55%
sociaux
55%
transactions
55%
travailleurs
55%
cours
52%
descend
52%
infirmières
52%
laissé
52%
l'homme
52%
loupé
52%
non
52%
Oh
52%
pioches
52%
plutôt
52%
profs
52%
rien
52%
servent
52%
actionnaires
50%
besoins,
50%
hôpitaux
50%
l'herbe
50%
Quant
50%
qu'il
50%
rapporte
50%
santé
50%
Paraît
48%
virer
48%
38%
Aucun quiz correspondant
Distribution des résultats
% des personnes avec chaque résultat
Percentile par nombre de réponses
Votre historique - résultats
Vous n’avez pas pris ce quiz